000 00894nas a2200289 4500
001 BR9903637
003 BR-BrBNA
005 20231205101511.0
007 ta
008 230509b bl.|||p| |||| 00| 00por d
040 _aBR-BrBNA
_bpor
_cBiblioteca Nacional de Agricultura
041 _a(Pt)
072 _aL73; L10
100 1 _aGuimaraes, S.E.F.
100 1 _aEuclydes, R.F.
245 1 _aFrequencia da mutacao gene da sindrome do estresse suino e sua associacao com caracteristicas reprodutivas em marras hibridas
650 _aSUÍNO
650 _aMiopatia
650 _aStress
650 _aMutacao
650 _aAnalise de Laboratorio
650 _aGene
650 _aMinas Gerais
773 0 _tRevista Brasileira de Zootecnia (Brazil)
_xISSN 1516-3598
_g(May-Jun 1999), v. 28(3) p. 490-494
_wBR9903637
909 _a202311
_bLúcia
_c55
_dLúcia Elande
942 _2AGRIS
_n0
_cANA
999 _c162221
_d162221